Comuni della Provincia di Bolzano (con mappa) - Statistics

Statistiche generali
  • Questo quiz è stato fatto 43 volte
  • Il punteggio medio è 35 su 116
Risposte nella Mappa
Le risposte nella mappa del quiz sottostante sono codificate secondo una scala di colori dal rosso al verde in base alla % di persone che hanno risposto correttamente.
 
Statistiche sulle risposte
Risposta % Corretto
Bolzano
100%
Bressanone
92%
Merano
85%
Brennero
73%
Brunico
69%
San Candido
69%
Vipiteno
69%
Dobbiaco
58%
Laives
58%
Ortisei
58%
Ora
54%
Sesto
54%
Egna
46%
Appiano sulla Strada del Vino
42%
Badia
42%
Castelrotto
42%
Chiusa
42%
Curon Venosta
42%
Fortezza
42%
Lana
42%
Malles Venosta
42%
Prato allo Stelvio
42%
Stelvio
42%
Terlano
42%
Campo Tures
38%
Martello
38%
Naturno
38%
San Leonardo in Passiria
38%
Selva di Val Gardena
38%
Senales
38%
Ultimo
38%
Valdaora
38%
Braies
35%
Caldaro sulla Strada del Vino
35%
Corvara in Badia
35%
Glorenza
35%
Lagundo
35%
Nalles
35%
Predoi
35%
Silandro
35%
Marlengo
31%
Parcines
31%
Racines
31%
Salorno sulla Strada del Vino
31%
Sarentino
31%
Andriano
27%
Cortaccia sulla Strada del Vino
27%
Gargazzone
27%
Lasa
27%
Magrè sulla Strada del Vino
27%
Moso in Passiria
27%
Perca
27%
Rasun-Anterselva
27%
Renon
27%
San Martino in Passiria
27%
Santa Cristina Valgardena
27%
Scena
27%
Termeno sulla Strada del Vino
27%
Tesimo
27%
Avelengo
23%
Bronzolo
23%
Cortina sulla Strada del Vino
23%
Funes
23%
Laces
23%
Nova Levante
23%
Nova Ponente
23%
Postal
23%
Rio di Pusteria
23%
Sluderno
23%
Tirolo
23%
Val di Vizze
23%
Valle Aurina
23%
Vandoies
23%
Verano
23%
Villabassa
23%
Caines
19%
Fiè allo Sciliar
19%
Lauregno
19%
Marebbe
19%
Monguelfo-Tesido
19%
Ponte Gardena
19%
San Martino in Badia
19%
San Pancrazio
19%
Senale-San Felice
19%
Tubre
19%
Valle di Casies
19%
Aldino
15%
Campo di Trens
15%
Castelbello-Ciardes
15%
Cermes
15%
Chienes
15%
Falzes
15%
Gais
15%
Laion
15%
La Valle
15%
Meltina
15%
Naz-Sciaves
15%
Plaus
15%
Rifiano
15%
San Genesio Atesino
15%
Terento
15%
Trodena nel parco naturale
15%
Vadena
15%
Varna
15%
Anterivo
12%
Barbiano
12%
Cornedo all'Isarco
12%
Luson
12%
Montagna sulla Strada del Vino
12%
Rodengo
12%
San Lorenzo di Sebato
12%
Selva dei Molini
12%
Tires
12%
Velturno
12%
Villandro
12%
Proves
8%
Nessun quiz corrispondente trovato
Distribuzione punteggi
Percentuale di utenti per punteggio
Percentile per numero di risposta
I tuoi punteggi nel tempo
Non hai fatto questo quiz